00238nam a2200109Ia 4500100002300000654002100023245003300044260002000077082001100097300000800108546001200116 aArerkar/ Rajendra  acomputer science aTheory of Computer Science bMahalaxmic2001 a4bAKE a517 aENGLISH